| 000 | 00675nam a2200229 a 4500 | ||
|---|---|---|---|
| 003 | SISC | ||
| 005 | 20170119090640.0 | ||
| 008 | 101002s19uu xx 00 eng d | ||
| 020 | _a9780071220620 | ||
| 050 |
_aHD 31 _b.B369485 2011 |
||
| 100 | _aBateman, Thomas S. | ||
| 245 |
_aManagement : _bleading and collaborating in a competitive world / _cThomas S. Bateman. |
||
| 250 | _a9th edition. | ||
| 260 |
_aBoston : _bMcGrawHill, _c2011. |
||
| 300 |
_a761 pages : _bcolor illustrations ; _c27 cm. |
||
| 500 | _aIncludes references and index. | ||
| 650 | _aManagement: | ||
| 650 | _aLeading. | ||
| 700 | _aSnell, Scott A. | ||
| 942 |
_cBK _2lcc _kFOR |
||
| 999 |
_c24100 _d24100 |
||